BIBLIOTHÈQUE DE LA MAISON DU MEXIQUE

Logo 1 Logo 2

Tomochic (notice nᵒ 2133)

détails MARC
000 -Sello discográfico
campo de control de longitud fija 00915nam a2200289 4500
005 - Identificación de versión
campo de control 20251016083222.0
099 ## - fechas locales
Tipo de ítem Koha LIBRO
100 ## - Datos de procesamiento general
Datos de procesamiento general 19971112d1967 m y1spay5003 ba
105 ## - Campo de datos codificados: Material textual, monográfico
Datos codificados de monografía a 001zy
200 1# - Título y mención de responsabilidad
Título propio Tomochic
Designación general del material texto impreso
Otra información del título novela histórica mexicana
Primer mención de responsabilidad Heriberto Frías
Declaración de responsabilidad subsiguiente crítica José Ferrel
205 ## - Declaración de edición
Declaración de edición 5a ed
210 ## - Publicación, distribución, etc.
Lugar de publicación, distribución, etc. México
Nombre del editor, distribuidor, etc. Editora Nacional
Fecha de publicación, distribución, etc. 1967
215 ## - Descripción física
Designación de material específico y extensión del ítem 302 p
Otras características físicas il.
Dimensiones 19 cm
300 ## - Notas generales
Texto de la nota Precedida de "La novela nacional"
345 ## - Nota de información de adquisición
Fuente de adquisición/dirección de la suscripción [OBSOLETO] Donación
410 #1 - Series
Título Colección Económica
Nombre de parte o sección Libros de Bolsillo
606 ## - Término temático usado como materia
Elemento de entrada Novela histórica mexicana
Número Koha 2838
700 ## - Nombre personal - Responsabilidad primaria
Elemento de entrada Frías Alcocer
Parte del nombre distinta del elemento de entrada Heriberto
Fechas 1870-1925
Número Koha 5042
702 ## - Nombre personal - Responsabilidad secundaria
Elemento de entrada Ferrel
Parte del nombre distinta del elemento de entrada José
Fechas 1865-1954
Número Koha 5085
801 #0 - Fuente de origen
Agencia cm
900 ## -
-- 1/14807
900 ## -
-- 710976391\\121197
942 ## - ELEMENTOS DE ENTRADA SECUNDARIOS (KOHA)
Tipo de ítem Koha Livre
996 ## -
-- MEX
-- 751145101
-- MMAG
-- 009523
-- 863.4 F897TC
-- 20240126LIV
Exemplaires
Estatus retirado Estado de daño Estado de pérdida Fecha de adquisición Biblioteca de origen Biblioteca actual Ubicación en estantería Código de barras Precio de reemplazo Signatura topográfica completa No para préstamo Tipo de ítem Koha Nota pública Nota no pública
      05/08/2025 Casa México Paris Casa México Paris   009523 05/08/2025 863.4 F897TC   Livre 20240126LIV 751145101